000 00560nam a2200181Ia 4500
003 GCL
008 140319s9999 xx 000 0 ara d
040 _aGCL /
_cGCL
082 0 4 _a953.07
_bع ق
100 1 _aعبدالمجيد تركى
245 1 0 _aقضايا ثقافية من تاريخ الغرب الاسلامى: نصوص ودراسات /
_cعبدالمجيد تركى
260 _a[S.N] :
_bدار الغرب الاسلامى ،
_c1988
300 _a484 ص
490 _a
650 0 4 _aتاريخ
650 0 4 _aالاندلس
942 _2ddc
_cBK
999 _c53356
_d53356